| 000 | 00640nam a22002297a 4500 | ||
|---|---|---|---|
| 001 | sjds | ||
| 003 | sjds | ||
| 005 | 20220705123124.0 | ||
| 008 | 220705b mx ||||| |||| 00| 0 spa d | ||
| 020 | _a8486563186 | ||
| 020 | _a9788486563189 | ||
| 020 | _a9686181121 | ||
| 040 | _csjds | ||
| 041 | _aspa | ||
| 100 | 1 | 0 | _aJijena Sanchez, Rafael |
| 245 | 1 | 0 |
_aCuentos de mama vieja 3 / _cRafael Jijena Sanchez ; [ilustraciones, Nivio Lopez]. |
| 260 |
_aMexico ; Madrid : _bEdiciones Gondomar, _c[1987] |
||
| 300 |
_a117 pages : _billustrations ; _c 19 cm. |
||
| 440 |
_aMitos y leyendas ; _n 6 |
||
| 700 | _aLopez, Nivio | ||
| 942 | _cBK | ||
| 999 |
_c27210 _d27210 |
||